000 00676pam a2200217 4500
005 20260322212019.0
008 data
010 _a 73008713
020 _a0070344124 (deluxe)
_a0070344124 (deluxe)
020 _a0070344124 (deluxe)
_a0070344124 (deluxe)
040 _aDLC
_cDLC
_dDLC
050 0 0 _aPN2287.R74
_bK45
082 0 0 _aB
_aB
100 1 _aKetchum, Richard M.,
_d1922-
245 1 0 _aWill Rogers :
_bhis life and times /
_cRichard M. Ketchum.
260 _aNew York,
_bAmerican Heritage Pub. Co.; distribution by McGraw-Hill
_c[1973]
300 _a415 p.
_billus.
_c26 cm.
490 0 _aAn American heritage biography
600 1 0 _aRogers, Will,
_d1879-1935.
001 data
999 _c416
_d416